000 00295nam a2200133 i 4500
001 bg
100 1 _aSOBCZAK, J.
245 0 _aOsadniki przemysłowe /
_cJ. Sobczak.
260 _aKraków,
_c1983.
040 _cBPK
041 _apol
942 _cKS
008 s pl f |000 0 pol
999 _c22112
_d22112
856 _uhttp://koha.tu.koszalin.pl/cgi-bin/koha/opac-detail.pl?biblionumber=22112
_yKatalog online BPK